=LDR 00000nam 2200000 4500 =001 NUTBA000000000002257 =005 20140610144933.0 =006 =007 =008 =020 ##$$a 978-979-29-3078-8 =035 ##$$a 0010-061400000000200 =040 ##$$a NBPDMAT =082 ##$$a 658.8 =090 ##$$a 658.8 $b Fer j =100 ##$$a Feri Sulianta =245 ##$$a Jangan cuma toko online doang ! / $c Feri Sulianta ; editor, Westriningsih =260 ##$$a Jogjakarta : $b Andi, $c 2012 =300 ##$$a vi, 114 hlm. : $b ilus. ; $c 20 cm. =650 ##$$a Marketing =700 ##$$a Westriningsih =850 ##$$a NBPDMAT =990 ##$$a 21401237